Tax policy and FDI : (Record no. 93692)

MARC details
000 -LEADER
fixed length control field 00596nam a22001937a 4500
005 - DATE AND TIME OF LATEST TRANSACTION
control field 20150804110717.0
010 ## - LCCN (DPL NO)
LC control number ENG-113104
020 ## - INTERNATIONAL STANDARD BOOK NUMBER
International Standard Book Number 9789380574288
Terms of availability 995.00
035 ## - SYSTEM CONTROL NUMBER
System control number EN-96636
037 ## - SOURCE OF ACQUISITION
Source of stock number/acquisition DBAD/PUB
082 ## - DEWEY DECIMAL CLASSIFICATION NUMBER
Classification number 332.673
100 ## - MAIN ENTRY--PERSONAL NAME
Personal name Bhat, Ganapati
245 ## - TITLE STATEMENT
Title Tax policy and FDI :
Statement of responsibility, etc by Ganapati Bhat /
Remainder of title influence of transfer pricing /
260 ## - PUBLICATION, DISTRIBUTION, ETC. (IMPRINT)
Place of publication, distribution, etc New Delhi
Name of publisher, distributor, etc Bookwell
Date of publication, distribution, etc 2012
270 ## - ADDRESS
Address 3/79, Nirankari Colony,
City New Delhi
Postal code 110009
300 ## - PHYSICAL DESCRIPTION
Extent xviii,345p.
Dimensions 23cm(Hb)
500 ## - GENERAL NOTE
General note Includes bibliographical references
942 ## - ADDED ENTRY ELEMENTS (KOHA)
Source of classification or shelving scheme Dewey Decimal Classification
Item type English Books
Call number suffix BHA
Classification part 332.673
Holdings
Withdrawn status Lost status Not for loan Collection code Home library Current library Date acquired Source of acquisition Cost, normal purchase price Full call number Barcode Copy number Cost, replacement price Koha item type
    Not For Loan Non-fiction D.B.Act.Division D.B.Act.Division 18/05/2015 DBAD/PUB 995.00 332.673 BHA EN-96636 1 995.00 English Books

© Delhi Public Library
Hit Counter
free hit counter